Statistics for Find the Mystery South American City Using Color Clues

Click here to take the quiz!

General Stats

  • This quiz has been taken 239 times
  • The average score is 54 of 100

Answers on the Map

Answers color-coded by a green-red scale on the quiz's map according to % correct below.
 

Answer Stats

City% Correct
Rio de Janeiro
93%
São Paulo
91%
Brasília
83%
Buenos Aires
82%
Montevideo
65%
Lima
64%
Belo Horizonte
61%
Bogotá
61%
Santiago
60%
Manaus
59%
Porto Alegre
59%
Salvador
59%
Fortaleza
58%
Recife
58%
Belém
57%
Caracas
57%
Curitiba
57%
Campinas
56%
La Paz
56%
Asunción
55%
Natal
54%
Quito
54%
Uberlândia
53%
Vitória
53%
Arequipa
52%
Córdoba
52%
Florianópolis
52%
Goiânia
52%
Ipatinga
52%
Juiz de Fora
52%
Maracaibo
52%
Mendoza
52%
Ribeirão Preto
52%
São Luís
52%
Trujillo
52%
Valparaíso
52%
Cartagena
51%
Chiclayo
51%
Concepción
51%
Cusco
51%
Huancayo
51%
João Pessoa
51%
Medellín
51%
Piura
51%
San Cristóbal
51%
Aracaju
50%
Baixada Santista
50%
Barcelona-Puerto la Cruz
50%
Barquisimeto
50%
Barranquilla
50%
Blumenau
50%
Bucaramanga
50%
Cabimas
50%
Cali
50%
Campina Grande
50%
Campo Grande
50%
Campos dos Goytacazes
50%
Caxias do Sul
50%
Ciudad del Este
50%
Ciudad Guayana
50%
Cochabamba
50%
Cúcuta
50%
Cuiabá
50%
Feira de Santana
50%
Guarenas
50%
Guayaquil
50%
Ibagué
50%
Itajaí
50%
Joinville
50%
Londrina
50%
Macaé
50%
Macapá
50%
Maceió
50%
Manizales
50%
Maracay
50%
Mar del Plata
50%
Maringá
50%
Maturín
50%
Pereira
50%
Petrolina-Juazeiro
50%
Piracicaba
50%
Porto Velho
50%
Posadas
50%
Resistencia
50%
Rosario
50%
Salta
50%
San Juan
50%
San Miguel de Tucumán
50%
Santa Cruz
50%
Santa Fe
50%
Santa Marta
50%
São José do Rio Preto
50%
São José dos Campos
50%
Sorocaba
50%
Taubaté
50%
Teresina
50%
Valencia
50%
Valledupar
50%
Villavicencio
50%
Volta Redonda
50%

Score Distribution

Percentile by Number Answered

Percent of People with Each Score

Your Score History

You have not taken this quiz